[Event "Moscow op-E"]
[Site "Moscow"]
[Date "2011.02.03"]
[Round "6.72"]
[White "Gabrielian, Artur"]
[Black "Semkin, Dmitrij"]
[Result "1-0"]
[WhiteElo "2543"]
[BlackElo "2157"]
[PlyCount "115"]
[EventDate "2011.01.29"]
[EventType "swiss"]
[EventRounds "9"]
[EventCountry "RUS"]
[SourceTitle "EXT 2022"]
[Source "ChessBase"]
[SourceDate "2021.10.06"]
[SourceVersion "1"]
[SourceVersionDate "2021.10.06"]
[SourceQuality "1"]

1. e4 c5 2. Nf3 d6 3. d4 cxd4 4. Nxd4 Nf6 5. Nc3 g6 6. Be3 Bg7 7. f3 0-0 8. Qd2 Nc6 9. Bc4 Ne5 10. Bb3 Bd7 11. 0-0-0 Rc8 12. Kb1 Re8 13. h4 h5 14. Bh6 Nc4 15. Bxc4 Rxc4 16. Bxg7 Kxg7 17. Nd5 Nxd5 18. exd5 e5 19. dxe6 Bxe6 20. Nb5 Bf5 21. Rc1 d5 22. g4 hxg4 23. b3 Rc6 24. fxg4 Be4 25. Rh2 Qf6 26. Nd4 Rd6 27. h5 Qe5 28. hxg6 Rxg6 29. Rh5 Qf6 30. Nf5+ Kg8 31. Nh6+ Kg7 32. g5 Qf3 33. Rh2 Qg3 34. Rf1 f6 35. gxf6+ Rxf6 36. Qd4 Qe5 37. Qxe5 Rxe5 38. Rxf6 Kxf6 39. Ng4+ Kf5 40. Rh5+ Kxg4 41. Rxe5 Kf4 42. Re7 d4 43. Kb2 Ke3 44. a4 d3 45. cxd3 Kxd3 46. Rd7+ Ke3 47. Kc3 Bc6 48. Re7+ Kf4 49. Kd4 Kf5 50. Kc5 Kf6 51. Kd6 Kf5 52. a5 Be4 53. b4 Bg2 54. Rf7+ Kg6 55. Rf2 Be4 56. Kc7 Kg7 57. b5 a6 58. b6 1-0

[Event "Moscow op-E"]
[Site "Moscow"]
[Date "2011.02.01"]
[Round "4.65"]
[White "Iljiushenok, Ilia"]
[Black "Semkin, Dmitrij"]
[Result "1-0"]
[WhiteElo "2415"]
[BlackElo "2157"]
[PlyCount "59"]
[EventDate "2011.01.29"]
[EventType "swiss"]
[EventRounds "9"]
[EventCountry "RUS"]
[SourceTitle "EXT 2022"]
[Source "ChessBase"]
[SourceDate "2021.10.06"]
[SourceVersion "1"]
[SourceVersionDate "2021.10.06"]
[SourceQuality "1"]

1. e4 c5 2. Nf3 d6 3. d4 cxd4 4. Nxd4 Nf6 5. Nc3 g6 6. Be3 Bg7 7. Bc4 0-0 8. f3 Nc6 9. Bb3 Ne5 10. Qd2 Bd7 11. 0-0-0 Rc8 12. h4 h5 13. Bg5 Rc5 14. Kb1 b5 15. Qe1 a5 16. f4 Nc4 17. f5 gxf5 18. Rf1 b4 19. Bxf6 Bxf6 20. Nd5 e6 21. Nxf6+ Qxf6 22. Bxc4 Rxc4 23. Qg3+ Qg6 24. Qxd6 e5 25. Qxd7 Rxd4 26. Rxd4 exd4 27. Rxf5 f6 28. Qd5+ Kg7 29. Qxd4 Qxg2 30. Rg5+ 1-0

[Event "Moscow op-E"]
[Site "Moscow"]
[Date "2011.01.31"]
[Round "3.157"]
[White "Semkin, Dmitrij"]
[Black "Nikitenko, Mihail"]
[Result "1-0"]
[WhiteElo "2157"]
[BlackElo "1953"]
[PlyCount "85"]
[EventDate "2011.01.29"]
[EventType "swiss"]
[EventRounds "9"]
[EventCountry "RUS"]
[SourceTitle "EXT 2022"]
[Source "ChessBase"]
[SourceDate "2021.10.06"]
[SourceVersion "1"]
[SourceVersionDate "2021.10.06"]
[SourceQuality "1"]

1. d4 Nf6 2. Nf3 g6 3. c4 Bg7 4. Nc3 0-0 5. e4 d6 6. Be2 e5 7. 0-0 Nc6 8. d5 Ne7 9. b4 Nh5 10. Re1 f5 11. Ng5 Nf6 12. f3 f4 13. Ne6 Bxe6 14. dxe6 c6 15. Rb1 Qb6+ 16. c5 dxc5 17. Na4 Qc7 18. bxc5 Rab8 19. Ba3 g5 20. Qc2 h5 21. Red1 Kh8 22. Nb6 Rg8 23. Nc4 Bf8 24. Nxe5 Qxe5 25. Bb2 Qxe6 26. Bc4 Ned5 27. exd5 Qe3+ 28. Kh1 Bg7 29. Bd4 Qe8 30. Re1 Qd8 31. Bxf6 Bxf6 32. dxc6 Rg7 33. Rxb7 Rbxb7 34. cxb7 Rxb7 35. Qg6 Qf8 36. Bb3 Re7 37. Rxe7 Bxe7 38. c6 Bd6 39. Qxh5+ Kg7 40. Qxg5+ Kh8 41. h4 Bc7 42. h5 Qe8 43. Qh6# 1-0

[Event "Moscow op-B"]
[Site "Moscow"]
[Date "2010.02.07"]
[Round "9.40"]
[White "Semkin, Dmitrij"]
[Black "Kuznetsov, Kirill"]
[Result "1-0"]
[WhiteElo "2107"]
[BlackElo "2239"]
[PlyCount "127"]
[EventDate "2010.01.30"]
[EventType "swiss"]
[EventRounds "9"]
[EventCountry "RUS"]
[SourceTitle "EXT 2023"]
[Source "ChessBase"]
[SourceDate "2022.10.05"]
[SourceVersion "1"]
[SourceVersionDate "2022.10.05"]
[SourceQuality "1"]

1. d4 d5 2. c4 c6 3. Nf3 Nf6 4. Nc3 a6 5. a4 Bf5 6. e3 e6 7. Qb3 Qc7 8. Nh4 Bg6 9. Nxg6 hxg6 10. Bd2 Nbd7 11. Rc1 dxc4 12. Bxc4 Nb6 13. Bd3 Nbd5 14. Ne4 Nxe4 15. Bxe4 a5 16. Bxd5 exd5 17. Qxd5 Bd6 18. Qe4+ Kf8 19. g3 Re8 20. Qf3 Qb6 21. Bc3 Qb3 22. 0-0 Rh5 23. Ra1 Qe6 24. Rfe1 Rf5 25. Qg2 Qb3 26. e4 Rh5 27. Re3 Bb4 28. Qf1 Bxc3 29. bxc3 Qc2 30. Qb1 Qxb1+ 31. Rxb1 b5 32. e5 bxa4 33. Ra1 Ke7 34. Rxa4 Ra8 35. Re2 c5 36. Rea2 cxd4 37. cxd4 Rd8 38. Rc2 Rhh8 39. Rc5 Rd7 40. Rcxa5 Rhd8 41. Ra7 Ke6 42. Rxd7 Rxd7 43. Kg2 Kd5 44. Ra6 Re7 45. Rd6+ Ke4 46. h3 g5 47. Rd8 Ra7 48. Rg8 g6 49. Rd8 Rb7 50. Rd6 Re7 51. Rd8 Ra7 52. e6 fxe6 53. Rg8 Rd7 54. g4 e5 55. dxe5 Kxe5 56. Rxg6 Kf4 57. Rf6+ Ke4 58. Rf5 Rg7 59. Ra5 Kf4 60. Ra4+ Ke5 61. Kg3 Rh7 62. Ra5+ Kf6 63. Ra6+ Ke5 64. Rg6 1-0

[Event "RUS-chB U16"]
[Site "Dagomys"]
[Date "2009.04.20"]
[Round "6"]
[White "Semkin, Dmitrij"]
[Black "Piskun, Alexey"]
[Result "1-0"]
[WhiteElo "2037"]
[BlackElo "2124"]
[PlyCount "83"]
[EventDate "2009.04.15"]
[EventType "swiss"]
[EventRounds "9"]
[EventCountry "RUS"]
[SourceTitle "EXT 2010"]
[Source "ChessBase"]
[SourceDate "2010.11.25"]
[SourceVersion "1"]
[SourceVersionDate "2010.11.25"]
[SourceQuality "1"]

1. d4 d5 2. c4 e6 3. Nc3 Be7 4. Nf3 Nf6 5. Bg5 0-0 6. cxd5 Nxd5 7. Bxe7 Qxe7 8. e4 Nxc3 9. bxc3 c5 10. Be2 b6 11. 0-0 Bb7 12. d5 Rd8 13. c4 Nd7 14. a4 Qf6 15. a5 Qf4 16. Qc2 f5 17. a6 Bc8 18. dxe6 Nb8 19. Rad1 Re8 20. exf5 Nxa6 21. Qa4 Nc7 22. Qc6 Qxf5 23. Qxc7 Bxe6 24. Bd3 Qf6 25. Qg3 Rad8 26. Rfe1 Qc3 27. Ng5 Bf5 28. Rxe8+ Rxe8 29. Bf1 Qxg3 30. hxg3 h6 31. Nf3 Kf7 32. Bd3 Rd8 33. Ne5+ Kf6 34. f4 a6 35. g4 Be4 36. Kf2 b5 37. Ke3 Bxg2 38. Ra1 Bb7 39. cxb5 axb5 40. Bxb5 g5 41. Nd7+ Ke7 42. f5 1-0

[Event "RUS-chB U16"]
[Site "Dagomys"]
[Date "2009.04.16"]
[Round "2"]
[White "Semkin, Dmitrij"]
[Black "Vazirov, Ruslan"]
[Result "1-0"]
[WhiteElo "2037"]
[BlackElo "2308"]
[PlyCount "109"]
[EventDate "2009.04.15"]
[EventType "swiss"]
[EventRounds "9"]
[EventCountry "RUS"]
[SourceTitle "EXT 2010"]
[Source "ChessBase"]
[SourceDate "2010.11.25"]
[SourceVersion "1"]
[SourceVersionDate "2010.11.25"]
[SourceQuality "1"]

1. d4 Nf6 2. Nf3 g6 3. c4 Bg7 4. Nc3 0-0 5. e4 d6 6. Be2 Nbd7 7. 0-0 e5 8. Re1 c6 9. Be3 a5 10. Qd2 exd4 11. Nxd4 Nc5 12. f3 Ne6 13. Rad1 Ne8 14. Nxe6 Bxe6 15. c5 d5 16. exd5 Bxd5 17. Nxd5 Qxd5 18. Qxd5 cxd5 19. Rxd5 Nf6 20. Rdd1 Rad8 21. Bc4 Rd7 22. Rxd7 Nxd7 23. Bd5 Re8 24. Kf2 Ne5 25. Rd1 Nc6 26. Rd2 Bf8 27. Bb3 Re7 28. f4 Rc7 29. a3 Kg7 30. g4 Be7 31. Bd5 h6 32. Kg3 a4 33. Bxc6 bxc6 34. Bd4+ Kf8 35. Rc2 Rd7 36. Rc4 Ra7 37. Rb4 Ra8 38. f5 Bd8 39. Rb7 gxf5 40. gxf5 Ke8 41. f6 Ra5 42. Kg4 Rb5 43. Rxb5 cxb5 44. Be3 Kd7 45. Kh5 Ke6 46. Bd4 Bxf6 47. Bxf6 Kxf6 48. c6 Ke6 49. Kxh6 Kd6 50. Kg5 Kxc6 51. h4 Kc5 52. h5 Kc4 53. h6 Kb3 54. h7 Kxb2 55. h8Q+ 1-0